| 000 | 01085nam a2200301Ia 4500 | ||
|---|---|---|---|
| 001 | 76991 | ||
| 003 | IT-RoPAU | ||
| 008 | 130308s9999 xx 000 0 und d | ||
| 040 | _aIT-RoPAU | ||
| 040 | _cIT-RoPAU | ||
| 041 | _aITALIANO | ||
| 100 | _aAA.VV. | ||
| 100 | _gCodice Aut. SPICS: 12000 | ||
| 245 | _aSalesianum (Anno 51, gennaio-marzo 1989) | ||
| 245 | _bSalesianum (Anno 51, Gennaio-Marzo 1989) | ||
| 250 | _a1a ed. | ||
| 260 | _aROMA | ||
| 260 | _bLas | ||
| 260 | _c1989 [1° Ed.:1989 - Ed.Ling.Originale:1989] | ||
| 300 | _a"214 p. (prefazione: no ; testo: 214 [pagine: 0-0])" | ||
| 500 | _a"Studi commentari recensioni cronache Pastorale Familiare Testimonianza di Giovanni Crisostomo Apologia Cristiana di Arnobio di Sicca Come Ricerca della Verità Assoluta Inquietudine e Fedeltà Ermeneutica Sapienziale del dramma ""La fame e la Sete"" di Jonesco Don Bosco un Magistero che Non Tramonta" | ||
| 650 | _aTEORIA TEOLOGIA COMUNICAZIONE SOCIALE | ||
| 650 | _eCodice materia Spics: 9205 | ||
| 942 | _cBK | ||
| 957 | _71 | ||
| 999 |
_c75921 _d75921 |
||
| 999 | _bSI | ||
| 999 | _g1 | ||